American Civil War (Esoterical) - Statistics

General Stats
  • This quiz has been taken 20 times
  • The average score is 5 of 10
Answer Stats
Hint Answer % Correct
"It is a Sunday. I always wanted to die on the Lord's day..." Stonewall Jackson
93%
"Bad, day today... but we will lick 'em tomorrow..." Ulysses S. Grant
93%
"He can build an army... he just doesn't know how to fight with it"... George B. McClellan
87%
"We are set adrift in a sea of blood..." Robert E. Lee
87%
"War is hell..." William Tecumseh Sherman
53%
"OH, MY GODI How did he move so quickly? I guess I will be drinking in the McClellan Lounge at the James Peninsular Campaign Bar in York." Joseph Hooker
40%
"Look at Jackson! Standing there like a stonewall!" Bernard Bee
33%
"Strange... these people... we kick them off our home ground and they demand a re-match"... Pierre Beauregard
27%
"I think I am hit rather badly..." Albert Sidney Johnson
13%
"I realise now... I have bitten off more than I can chew..." "Not only that, general... if I may... our army has rather depleted forces now... I ask you, with all due respect... can the slave girls that chew your food for you... be employed carrying ammunition?" A.P. Hill
7%
No matching quizzes found
Score Distribution
Percent of People with Each Score
Percentile by Number Answered
Your Score History
You have not taken this quiz